| 000 | 00890nam a2200301 a 4500 | ||
|---|---|---|---|
| 001 | 000012462 | ||
| 003 | DO-SdBNP | ||
| 005 | 20180212113102.0 | ||
| 007 | 000012462 | ||
| 008 | 091113s2003 dr ac 000 0 spa d | ||
| 020 | _a9993433756 | ||
| 040 |
_aBPMSU _bspa _cBPMSU |
||
| 092 |
_aRD860.44 _bB268L |
||
| 100 | 1 | _aBarracuda | |
| 245 | 1 | 0 |
_aLocuras de tiempo extra : _b(intentos de: ocurrencias, cuentos y poemas) / _cBarracuda |
| 260 |
_aSanto Domingo : _bMediabyte, _c2003. |
||
| 300 |
_a262 p. : _bil., retrs. ; _c21 cm. |
||
| 650 | 4 | _aLITERATURA DOMINICANA | |
| 650 | 4 | _aPOESÍA DOMINICANA | |
| 650 | 4 | _aCUENTOS DOMINICANOS | |
| 910 | _aValidado. Control de calidad BNPHU | ||
| 930 | 1 |
_l _m _h _8 _f _p _g |
|
| 942 |
_2ddc _cBK |
||
| 945 | _a Inventariado 2018 VM | ||
| 956 |
_a _b _c _l _h |
||
| 956 |
_a _b _c _l _h |
||
| 956 |
_aVMATEO _b10 _c201500908 _lBPMSU _h00151 |
||
| 999 |
_c7436 _d7436 |
||